3er Congreso Nacional de Autismo : (Record no. 205203)
[ view plain ]
| 000 -CABECERA | |
|---|---|
| campo de control de longitud fija | 00664nam a2200217 u 4500 |
| 005 - FECHA Y HORA DE LA ÚLTIMA TRANSACCIÓN | |
| campo de control | 20230425063531.0 |
| 008 - ELEMENTOS DE LONGITUD FIJA--INFORMACIÓN GENERAL | |
| campo de control de longitud fija | 190925s1993 mx r 000 0 spa d |
| 035 ## - NÚMERO DE CONTROL DEL SISTEMA | |
| Número de control de sistema | UPN01000233108 |
| 040 ## - FUENTE DE LA CATALOGACIÓN | |
| Centro catalogador/agencia de origen | MX-MxUPN |
| Lengua de catalogación | spa |
| Centro/agencia transcriptor | MX-MxUPN |
| 041 0# - CÓDIGO DE IDIOMA | |
| Código de lengua del texto/banda sonora o título independiente | spa |
| 050 #4 - SIGNATURA TOPOGRÁFICA DE LA BIBLIOTECA DEL CONGRESO | |
| Número de clasificación | RJ506 A9 |
| Número de documento/Ítem | C66 1993 |
| 111 2# - ASIENTO PRINCIPAL--NOMBRE DE REUNION | |
| 9 (RLIN) | 48741 |
| Nombre de congreso/reunión o jurisdicción como elemento de entrada | Congreso Nacional de Autismo |
| Número del congreso/reunión o número de parte o sección | (3 : |
| Fecha del congreso/reunión | 1993 : |
| Sede del congreso/Lugar de la reunión | México, D.F.) |
| 245 00 - MENCIÓN DE TÍTULO | |
| Título | 3er Congreso Nacional de Autismo : |
| Resto del título | memorias |
| 260 ## - PUBLICACIÓN, DISTRIBUCIÓN, ETC. | |
| Lugar de publicación, distribución, etc. | México, D.F. : |
| Nombre del editor, distribuidor, etc. | Sociedad Mexicana de Autismo, |
| Fecha de publicación, distribución, etc. | 1993. |
| 300 ## - DESCRIPCIÓN FÍSICA | |
| Extensión | 81 páginas |
| 650 #2 - ASIENTO SECUNDARIO DE MATERIA - TERMINO TEMATICO | |
| Término de materia o nombre geográfico como elemento de entrada | Autismo |
| Subdivisión de forma | Congresos |
| 9 (RLIN) | 358 |
| 902 ## - ELEMENTOS DE DATOS B LOCAL, LDB (RLIN) | |
| Modificó | NoemiAcosta/240423 |
| 905 ## - TIPO DE MATERIAL | |
| Tipo de material | Libro |
| 942 ## - ELEMENTOS DE PUNTO DE ACCESO ADICIONAL (KOHA) | |
| Suprimir en OPAC | No |
| Fuente del sistema de clasificación o colocación | Library of Congress Classification |
| Tipo de ítem Koha | Libro |
| Estado de retiro | Estado de pérdida | Fuente del sistema de clasificación o colocación | Estado dañado | No para préstamo | Código de colección | Localización permanente | Ubicación/localización actual | Ubicación en estantería | Fecha de adquisición | Total de préstamos | Clasificación | Código de barras | Fecha visto por última vez | Fecha del último préstamo | Tipo de ítem Koha |
|---|---|---|---|---|---|---|---|---|---|---|---|---|---|---|---|
| Library of Congress Classification | Colección General | Bib. Gregorio Torres Quintero | Bib. Gregorio Torres Quintero | Planta baja | 24/04/2023 | 1 | RJ506 A9 C66 1993 | 329023 | 24/03/2026 | 19/03/2026 | Libro |
